Risk Tolerance and Anchoring

V reakcii na nefunkčnosť teórie efektívnych trhov a modelov racionálneho správania v praxi vytvorenie nového prístupu k vysvetľovaniu správania účastníkov finančného trhu, a to behaviorálne financovanie. Podľa teórie existuje veľa odchýlok od racionality, niektoré ako emocionálne závislé - emočné al...

Celý popis

Uložené v:
Podrobná bibliografia
Hlavný autor: Pilch, Ctibor, 1957-
Médium: Kapitola
Jazyk:English
Predmet:
Tagy: Pridať tag
Žiadne tagy, Buďte prvý, kto otaguje tento záznam!

MARC

LEADER 00000naa a2200000 4500
001 0271342
005 20260205072309.7
041 0 |a eng 
044 |a SK 
245 1 0 |a Risk Tolerance and Anchoring  |c Ctibor Pilch 
520 |a V reakcii na nefunkčnosť teórie efektívnych trhov a modelov racionálneho správania v praxi vytvorenie nového prístupu k vysvetľovaniu správania účastníkov finančného trhu, a to behaviorálne financovanie. Podľa teórie existuje veľa odchýlok od racionality, niektoré ako emocionálne závislé - emočné alebo emocionálne nezávislé - kognitívne. 
610 2 0 |a riziko 
610 2 0 |a tolerancia 
610 2 0 |a emócie 
610 2 0 |a myslenie ekonomické 
100 1 |a Pilch, Ctibor, 1957-